00472nam a2200181 a 4500001001300000003000900013005001700022008004100039020002200080082001700102100002100119245003100140260003500171300000900206500003500215650001900250700002100269nice12345678IN_TiNIC20260116014624.0070319s1946 newa grp 000 0 eng  a8171513484 c5500a891.51bDAV1 aDavis, F Hadland aJamib The Persian Mystics aNew DelhibKitab Bhavan c1946 a102p aincludes index and biblioraphy aPersian Poetry1 aDavis, F Hadland